[Event "Parsvnath Commonwealth ch 2010"]
[Site "Nueva Delhi IND"]
[Date "2010.05.10"]
[Round "1.36"]
[White "Satra, Pravesh"]
[Black "Swayams, Mishra"]
[Result "0-1"]
[WhiteElo "1817"]
[BlackElo "2397"]
[PlyCount "98"]
[EventDate "2010.05.10"]
[EventType "swiss"]
[EventRounds "11"]
[EventCountry "IND"]
[Source "lmi"]
[SourceDate "2010.05.10"]

1. d4 Nf6 2. Nf3 b6 3. Bf4 Bb7 4. e3 Nh5 5. Bg3 Nxg3 6. hxg3 e6 7. Nbd2 c5 8.
c3 Nc6 9. Bd3 h6 10. Qe2 Be7 11. Rd1 Qc7 12. g4 g6 13. Nf1 d5 14. e4 O-O-O 15.
Ba6 dxe4 16. Bxb7+ Qxb7 17. Qxe4 cxd4 18. Nxd4 Nxd4 19. Rxd4 Rxd4 20. Qxd4 Rd8
21. Qc4+ Bc5 22. Ne3 Qd7 23. O-O Qc7 24. Qe4 Qb7 25. Qf4 g5 26. Qf6 Qe4 27. Re1
Qf4 28. Qxf4 gxf4 29. Nf1 Rd3 30. Re4 Bd6 31. Rd4 Rxd4 32. cxd4 Kc7 33. Nd2 Kc6
34. Kf1 Kd5 35. Nb3 a5 36. Ke2 a4 37. Nd2 Kxd4 38. f3 a3 39. b3 Bb4 40. Ne4 f5
41. gxf5 exf5 42. Nf2 Kc3 43. Nd3 Bd6 44. Nc1 Kc2 45. Nd3 b5 46. Nf2 Kb2 47.
Kd3 Bc5 48. Nh3 Be3 49. g3 Kxa2 0-1

[Event "Parsvnath Commonwealth ch 2010"]
[Site "Nueva Delhi IND"]
[Date "2010.05.10"]
[Round "1.37"]
[White "Narayanan, Srinath"]
[Black "Wettasinha, Vasanta"]
[Result "1-0"]
[WhiteElo "2393"]
[BlackElo "1816"]
[PlyCount "41"]
[EventDate "2010.05.10"]
[EventType "swiss"]
[EventRounds "11"]
[EventCountry "IND"]
[Source "lmi"]
[SourceDate "2010.05.10"]

1. e4 e6 2. d4 d5 3. Nd2 c5 4. Ngf3 Nc6 5. exd5 exd5 6. Bb5 Nf6 7. O-O Be7 8.
dxc5 O-O 9. Nb3 Bg4 10. Be3 Qc7 11. Re1 Rad8 12. h3 Bh5 13. Be2 Rfe8 14. Nfd4
Bxe2 15. Rxe2 Nxd4 16. Bxd4 Ne4 17. Qe1 Qc6 18. f3 Bxc5 19. fxe4 Bxd4+ 20. Nxd4
Qc4 21. c3 1-0

[Event "Parsvnath Commonwealth ch 2010"]
[Site "Nueva Delhi IND"]
[Date "2010.05.10"]
[Round "1.38"]
[White "Sumit, Kumar"]
[Black "Sahu, Vikramaditya"]
[Result "0-1"]
[WhiteElo "1814"]
[BlackElo "2105"]
[PlyCount "66"]
[EventDate "2010.05.10"]
[EventType "swiss"]
[EventRounds "11"]
[EventCountry "IND"]
[Source "lmi"]
[SourceDate "2010.05.10"]

1. e4 c5 2. Nf3 g6 3. d4 cxd4 4. Nxd4 Nc6 5. Be3 Nf6 6. Nc3 Bg7 7. Be2 d6 8.
O-O O-O 9. Nb3 Be6 10. f3 d5 11. exd5 Nxd5 12. Nxd5 Bxd5 13. c3 Na5 14. Nxa5
Qxa5 15. b4 Qd8 16. Bd4 Bxd4+ 17. Qxd4 Be6 18. Rfd1 Qc7 19. c4 a5 20. a3 Rfd8
21. Qc3 Rdc8 22. c5 b6 23. Rac1 axb4 24. axb4 bxc5 25. bxc5 Ra5 26. c6 Bd5 27.
Qb4 Qa7+ 28. Kh1 Rxc6 29. Rxc6 Bxc6 30. Qc3 Qa8 31. Rc1 Bd5 32. Bc4 Rc5 33. Qd4
Rxc4 0-1

[Event "Parsvnath Commonwealth ch 2010"]
[Site "Nueva Delhi IND"]
[Date "2010.05.10"]
[Round "1.39"]
[White "Shivananda, B.S."]
[Black "Monnisha, GK."]
[Result "1-0"]
[WhiteElo "2387"]
[BlackElo "1808"]
[PlyCount "99"]
[EventDate "2010.05.10"]
[EventType "swiss"]
[EventRounds "11"]
[EventCountry "IND"]
[Source "lmi"]
[SourceDate "2010.05.10"]

1. c4 Nf6 2. g3 e6 3. Bg2 d5 4. Nf3 c5 5. O-O Nc6 6. cxd5 exd5 7. d4 b6 8. Nc3
Be7 9. Bg5 O-O 10. Rc1 Be6 11. Qa4 Rc8 12. Rfd1 h6 13. Bxf6 Bxf6 14. dxc5 bxc5
15. e3 Qd7 16. Nxd5 Bxd5 17. Rxc5 Bxb2 18. Rdxd5 Qe6 19. Rd2 Bf6 20. h4 Be7 21.
Rcc2 Bb4 22. Rxc6 Qxc6 23. Qxb4 Qc1+ 24. Kh2 Rc2 25. Qd4 Rxd2 26. Nxd2 Qe1 27.
e4 Rc8 28. Nc4 Qb4 29. Bf1 Qe7 30. e5 Qc5 31. Qf4 Re8 32. Nd6 Re7 33. Nxf7 Rxf7
34. Bc4 Qe7 35. Qxf7+ Qxf7 36. Bxf7+ Kxf7 37. f4 h5 38. g4 hxg4 39. Kg3 Ke6 40.
Kxg4 a5 41. a4 g6 42. Kg5 Kf7 43. f5 gxf5 44. Kxf5 Ke7 45. e6 Ke8 46. Kf6 Kf8
47. h5 Ke8 48. h6 Kf8 49. h7 Ke8 50. h8=Q# 1-0

[Event "Parsvnath Commonwealth ch 2010"]
[Site "Nueva Delhi IND"]
[Date "2010.05.10"]
[Round "2.3"]
[White "Kokarev, Dmitry"]
[Black "Atabayev, Yusup"]
[Result "1-0"]
[WhiteElo "2612"]
[BlackElo "2217"]
[PlyCount "45"]
[EventDate "2010.05.10"]
[EventType "swiss"]
[EventRounds "11"]
[EventCountry "IND"]
[Source "lmi"]
[SourceDate "2010.05.10"]

1. g3 Nf6 2. Bg2 g6 3. e4 d6 4. d4 Bg7 5. Nc3 O-O 6. Nge2 e5 7. h3 Nc6 8. Be3
exd4 9. Nxd4 Bd7 10. O-O a6 11. Re1 Na5 12. Qd3 Re8 13. Rad1 Qe7 14. Nd5 Qd8
15. Bg5 c5 16. Qf3 cxd4 17. Bxf6 Bxf6 18. Nxf6+ Kg7 19. Nxe8+ Qxe8 20. Rxd4 Rc8
21. Qd1 Be6 22. b3 Qc6 23. c4 1-0

[Event "Parsvnath Commonwealth ch 2010"]
[Site "Nueva Delhi IND"]
[Date "2010.05.10"]
[Round "2.4"]
[White "Singh, S. Vikramjit"]
[Black "Safarli, Eltaj"]
[Result "1/2-1/2"]
[WhiteElo "2218"]
[BlackElo "2610"]
[PlyCount "91"]
[EventDate "2010.05.10"]
[EventType "swiss"]
[EventRounds "11"]
[EventCountry "IND"]
[Source "lmi"]
[SourceDate "2010.05.10"]

1. d4 Nf6 2. Nf3 g6 3. c4 Bg7 4. Nc3 d5 5. Bg5 Ne4 6. cxd5 Nxg5 7. Nxg5 e6 8.
Qd2 h6 9. Nf3 exd5 10. e3 O-O 11. Be2 c6 12. O-O Qd6 13. Rab1 Be6 14. b4 Nd7
15. b5 c5 16. dxc5 Qxc5 17. Nd4 Rfc8 18. Rfc1 Bxd4 19. exd4 Qa3 20. Rb3 Qf8 21.
Na4 Kh7 22. h3 b6 23. Nb2 Nf6 24. f3 Rxc1+ 25. Qxc1 Rc8 26. Qd2 Qd6 27. Bf1 Bf5
28. Bd3 Be6 29. Bf1 Nh5 30. Nd3 Qg3 31. Qe1 Bf5 32. Qxg3 Nxg3 33. Kf2 Nxf1 34.
Kxf1 Kg7 35. Ra3 Bd7 36. Rb3 Rc2 37. a4 f6 38. Nf4 Rc4 39. Re3 Kf7 40. Nxd5 Be6
41. Nf4 Bd7 42. Nd5 Be6 43. Nf4 Bc8 44. Nd5 Be6 45. Nf4 Bc8 46. Nd5 1/2-1/2

[Event "Parsvnath Commonwealth ch 2010"]
[Site "Nueva Delhi IND"]
[Date "2010.05.10"]
[Round "2.5"]
[White "Bocharov, Dmitry"]
[Black "Anurag, Mhamal"]
[Result "1-0"]
[WhiteElo "2592"]
[BlackElo "2210"]
[PlyCount "49"]
[EventDate "2010.05.10"]
[EventType "swiss"]
[EventRounds "11"]
[EventCountry "IND"]
[Source "lmi"]
[SourceDate "2010.05.10"]

1. d4 d5 2. c4 e6 3. Nc3 c6 4. e4 dxe4 5. Nxe4 Bb4+ 6. Nc3 Nf6 7. a3 Bxc3+ 8.
bxc3 Qa5 9. Qc2 c5 10. Bd2 Nc6 11. Nf3 O-O 12. Bd3 Rd8 13. O-O h6 14. Rfe1 Qc7
15. Be3 Ng4 16. Rad1 b6 17. h3 Nxe3 18. Rxe3 Kf8 19. Be4 Bb7 20. Bxc6 Qxc6 21.
d5 Qd7 22. Qh7 Qa4 23. Rde1 Qxc4 24. dxe6 fxe6 25. Ne5 1-0

[Event "Parsvnath Commonwealth ch 2010"]
[Site "Nueva Delhi IND"]
[Date "2010.05.10"]
[Round "2.6"]
[White "Bhagwat, Vinod"]
[Black "Lafuente, Pablo"]
[Result "1/2-1/2"]
[WhiteElo "2214"]
[BlackElo "2587"]
[PlyCount "32"]
[EventDate "2010.05.10"]
[EventType "swiss"]
[EventRounds "11"]
[EventCountry "IND"]
[Source "lmi"]
[SourceDate "2010.05.10"]

1. d4 Nf6 2. c4 e6 3. Nc3 Bb4 4. Qc2 Nc6 5. Nf3 d6 6. Bd2 O-O 7. a3 Bxc3 8.
Bxc3 Re8 9. e3 e5 10. dxe5 dxe5 11. Be2 a5 12. b3 Bg4 13. O-O Qe7 14. Bb2 Bh5
15. c5 h6 16. Rac1 Bg6 1/2-1/2

[Event "Parsvnath Commonwealth ch 2010"]
[Site "Nueva Delhi IND"]
[Date "2010.05.10"]
[Round "2.7"]
[White "Maletin, Pavel"]
[Black "Yashas, D."]
[Result "1-0"]
[WhiteElo "2584"]
[BlackElo "2204"]
[PlyCount "107"]
[EventDate "2010.05.10"]
[EventType "swiss"]
[EventRounds "11"]
[EventCountry "IND"]
[Source "lmi"]
[SourceDate "2010.05.10"]

1. d4 Nf6 2. c4 e6 3. g3 d5 4. Nf3 b6 5. cxd5 exd5 6. Nc3 Be7 7. Bg2 O-O 8. O-O
Bb7 9. Qc2 Nbd7 10. Rd1 Rc8 11. Nb5 a6 12. Na7 Ra8 13. Nc6 Bxc6 14. Qxc6 Ra7
15. Ne5 Nb8 16. Qc2 Qd6 17. Bf4 Qe6 18. Nd3 Bd6 19. b4 Bxf4 20. Nxf4 Qd6 21.
Qb3 c6 22. a4 Re7 23. e3 b5 24. Rdc1 Nfd7 25. a5 Rfe8 26. Rc2 g5 27. Nd3 Kg7
28. Rac1 f6 29. Rc3 h5 30. Qd1 Rh8 31. Bh3 h4 32. Kg2 hxg3 33. hxg3 Kf8 34. Bf5
Rh6 35. Qg4 Rg7 36. Re1 Ke8 37. Rcc1 Kd8 38. e4 dxe4 39. Rxe4 Re7 40. Nc5 Rxe4
41. Qxe4 Nxc5 42. dxc5 Qd5 43. Qxd5+ cxd5 44. Rd1 Nc6 45. Rxd5+ Kc7 46. Rd7+
Kb8 47. Be4 Nxb4 48. Rb7+ Kc8 49. c6 Nxc6 50. Bxc6 f5 51. Rb6 Kc7 52. Bxb5 Rxb6
53. axb6+ Kxb6 54. Bd3 1-0

[Event "Parsvnath Commonwealth ch 2010"]
[Site "Nueva Delhi IND"]
[Date "2010.05.10"]
[Round "2.8"]
[White "Phadke Sohan"]
[Black "Gupta, Abhijeet"]
[Result "0-1"]
[WhiteElo "2208"]
[BlackElo "2570"]
[PlyCount "57"]
[EventDate "2010.05.10"]
[EventType "swiss"]
[EventRounds "11"]
[EventCountry "IND"]
[Source "lmi"]
[SourceDate "2010.05.10"]

1. e4 c5 2. Nf3 d6 3. d4 cxd4 4. Nxd4 Nf6 5. Nc3 Nc6 6. Bc4 e6 7. Be3 a6 8. Bb3
Qc7 9. Qe2 Na5 10. g4 b5 11. g5 Nd7 12. f4 b4 13. Na4 Bb7 14. f5 e5 15. Nf3
Nxb3 16. cxb3 Bxe4 17. Rc1 Qb7 18. O-O Be7 19. Nd2 O-O 20. Qg4 Bd5 21. f6 Bd8
22. Nc4 Be6 23. Qh4 Qb8 24. fxg7 Re8 25. Nd2 d5 26. Nc5 Nxc5 27. Bxc5 Qb5 28.
Nf3 Rc8 29. Bd6 0-1

[Event "Parsvnath Commonwealth ch 2010"]
[Site "Nueva Delhi IND"]
[Date "2010.05.10"]
[Round "2.10"]
[White "Antonio, Viani D'cunha"]
[Black "Khusnutdinov, Rustam"]
[Result "0-1"]
[WhiteElo "2201"]
[BlackElo "2525"]
[PlyCount "98"]
[EventDate "2010.05.10"]
[EventType "swiss"]
[EventRounds "11"]
[EventCountry "IND"]
[Source "lmi"]
[SourceDate "2010.05.10"]

1. e4 Nf6 2. Nc3 d5 3. e5 Nfd7 4. f4 c5 5. Nf3 Nc6 6. d3 e6 7. g3 b5 8. Bg2 b4
9. Ne2 Be7 10. O-O O-O 11. Be3 a5 12. h4 f5 13. c4 bxc3 14. bxc3 h6 15. Qc2 Nb6
16. Bf2 Rb8 17. Bh3 Qe8 18. Rab1 Ba6 19. Rfd1 Qg6 20. Bg2 Rb7 21. Nc1 Rfb8 22.
Nd2 Qe8 23. Ncb3 Nd7 24. d4 c4 25. Nc5 Nxc5 26. dxc5 Qf8 27. Qa4 Bb5 28. Qa3
Ba6 29. Qa4 Rxb1 30. Rxb1 Rxb1+ 31. Nxb1 Qc8 32. Nd2 Qb7 33. Kh2 Qb5 34. Qxb5
Bxb5 35. Kg1 Nb8 36. Nf3 Bd7 37. Nd2 Na6 38. c6 Be8 39. Bb6 Bc5+ 40. Bxc5 Nxc5
41. Kf2 Na4 42. Ke3 Nxc3 43. Kd4 Nxa2 44. Nxc4 dxc4 45. Kxc4 Kf8 46. c7 Bd7 47.
Kc5 Ke7 48. Kb6 Nc3 49. Kb7 Nd5 0-1

[Event "Parsvnath Commonwealth ch 2010"]
[Site "Nueva Delhi IND"]
[Date "2010.05.10"]
[Round "2.11"]
[White "Kunte, Abhijit"]
[Black "Hemant, Sharma (del)"]
[Result "1/2-1/2"]
[WhiteElo "2523"]
[BlackElo "2191"]
[PlyCount "96"]
[EventDate "2010.05.10"]
[EventType "swiss"]
[EventRounds "11"]
[EventCountry "IND"]
[Source "lmi"]
[SourceDate "2010.05.10"]

1. Nf3 Nf6 2. g3 d5 3. Bg2 c6 4. c4 e6 5. Qc2 Be7 6. d4 dxc4 7. Qxc4 b5 8. Qc2
Bb7 9. O-O Nbd7 10. a4 a6 11. Ne5 Nxe5 12. dxe5 Nd5 13. Nc3 O-O 14. Rd1 Qb8 15.
Bf4 Nxc3 16. Qxc3 Rd8 17. Be3 Qc7 18. Bc5 Rxd1+ 19. Rxd1 a5 20. Bxe7 Qxe7 21.
Rd6 bxa4 22. Qc5 Qc7 23. Be4 Rb8 24. h4 Ba8 25. h5 h6 26. Bc2 Rb4 27. Kh2 Bb7
28. Rd2 Ba8 29. f4 Rb8 30. Bxa4 Rd8 31. Rd6 Rb8 32. Bc2 Rxb2 33. Qd4 Rb8 34.
Rd7 Qc8 35. Qd3 Kf8 36. Qd6+ Kg8 37. Qd3 Kf8 38. Ra7 Bb7 39. Rxa5 Qd8 40. Qc3
c5 41. Rxc5 Rc8 42. Be4 Ba6 43. Bd3 Bb7 44. Qb4 Rxc5 45. Qxc5+ Kg8 46. Qd6 Qa8
47. f5 Bh1 48. e4 Bxe4 1/2-1/2

[Event "Parsvnath Commonwealth ch 2010"]
[Site "Nueva Delhi IND"]
[Date "2010.05.10"]
[Round "2.12"]
[White "Tan, Weiliang"]
[Black "Iuldachev, Saidali"]
[Result "1/2-1/2"]
[WhiteElo "2186"]
[BlackElo "2511"]
[PlyCount "79"]
[EventDate "2010.05.10"]
[EventType "swiss"]
[EventRounds "11"]
[EventCountry "IND"]
[Source "lmi"]
[SourceDate "2010.05.10"]

1. e4 e5 2. Nf3 Nc6 3. d4 exd4 4. Nxd4 Nf6 5. Nc3 Bb4 6. Nxc6 bxc6 7. Bd3 d5 8.
exd5 cxd5 9. O-O O-O 10. Bg5 c6 11. Qf3 Re8 12. h3 h6 13. Bxf6 Qxf6 14. Qxf6
gxf6 15. Ne2 Rb8 16. b3 Bd7 17. Rad1 Re5 18. c4 Rbe8 19. Nd4 Bc3 20. Nf3 Rh5
21. cxd5 cxd5 22. Rc1 d4 23. Rfd1 Rd5 24. Kf1 Kg7 25. Ng1 Ba5 26. Ne2 Bb6 27.
Rc2 f5 28. Bc4 Rd6 29. Rcd2 Re4 30. f3 Rh4 31. Rd3 Kf6 32. Kf2 f4 33. Kf1 Bf5
34. R3d2 d3 35. Nc3 Be3 36. Nd5+ Rxd5 37. Bxd5 Bxd2 38. Rxd2 Ke5 39. Bxf7 Kd4
40. Rd1 1/2-1/2

[Event "Parsvnath Commonwealth ch 2010"]
[Site "Nueva Delhi IND"]
[Date "2010.05.10"]
[Round "2.14"]
[White "Dhar, Rajib"]
[Black "Sriram, Jha"]
[Result "0-1"]
[WhiteElo "2180"]
[BlackElo "2507"]
[PlyCount "36"]
[EventDate "2010.05.10"]
[EventType "swiss"]
[EventRounds "11"]
[EventCountry "IND"]
[Source "lmi"]
[SourceDate "2010.05.10"]

1. e4 e5 2. Bc4 Nf6 3. d3 Nc6 4. Nc3 Be7 5. f4 exf4 6. Bxf4 O-O 7. e5 Ne8 8.
Qh5 d6 9. Nf3 dxe5 10. Nxe5 Nxe5 11. Bxe5 Nf6 12. Qg5 h6 13. Qg6 Qe8 14. O-O
Bc5+ 15. Kh1 Qxe5 16. Ne4 Kh8 17. Bxf7 Nxe4 18. dxe4 Bd6 0-1

[Event "Parsvnath Commonwealth ch 2010"]
[Site "Nueva Delhi IND"]
[Date "2010.05.10"]
[Round "2.15"]
[White "Hossain, Enamul"]
[Black "Gahan, M.G."]
[Result "1-0"]
[WhiteElo "2499"]
[BlackElo "2170"]
[PlyCount "91"]
[EventDate "2010.05.10"]
[EventType "swiss"]
[EventRounds "11"]
[EventCountry "IND"]
[Source "lmi"]
[SourceDate "2010.05.10"]

1. Nf3 Nf6 2. c4 g6 3. Nc3 d5 4. Qa4+ Nc6 5. d4 Bg7 6. Bf4 O-O 7. e3 dxc4 8.
Bxc4 Bd7 9. Qd1 Na5 10. Be2 c5 11. dxc5 Rc8 12. Rc1 Nh5 13. Be5 f6 14. Bg3 e5
15. b4 Nc6 16. Nd2 Nxg3 17. Qb3+ Kh8 18. hxg3 f5 19. Nb5 Qe7 20. Nd6 Rc7 21.
Bc4 Nd8 22. Nb5 Bxb5 23. Bxb5 b6 24. Qc2 Ne6 25. Bc4 bxc5 26. Bxe6 Qxe6 27.
bxc5 Rfc8 28. Nb3 a5 29. Qc4 Qc6 30. a4 Qxg2 31. Qh4 h6 32. Ke2 Rb7 33. Nd2 Rb2
34. Rhd1 Qd5 35. Qc4 Qc6 36. Rb1 Rxb1 37. Nxb1 Kh7 38. Rd5 Rb8 39. Rd6 Qc7 40.
Nd2 Bf8 41. Rf6 Bg7 42. Ra6 Qd7 43. Rd6 Qe7 44. Qd5 Qe8 45. c6 e4 46. c7 1-0

[Event "Parsvnath Commonwealth ch 2010"]
[Site "Nueva Delhi IND"]
[Date "2010.05.10"]
[Round "2.16"]
[White "Jitendra, Choudhury"]
[Black "Dzhumaev, Marat"]
[Result "0-1"]
[WhiteElo "1837"]
[BlackElo "2495"]
[PlyCount "132"]
[EventDate "2010.05.10"]
[EventType "swiss"]
[EventRounds "11"]
[EventCountry "IND"]
[Source "lmi"]
[SourceDate "2010.05.10"]

1. e4 d6 2. d4 Nf6 3. Nc3 g6 4. f4 a6 5. Nf3 b5 6. a3 Bb7 7. Bd3 e6 8. e5 Nh5
9. Ne4 Nd7 10. Qe2 c5 11. c3 Ng7 12. g4 h5 13. g5 Nf5 14. Nf6+ Nxf6 15. exf6
cxd4 16. Bxf5 gxf5 17. cxd4 Rc8 18. O-O Rg8 19. Kf2 Be4 20. Rd1 Rc2 21. Rd2 Rc4
22. Ne1 d5 23. Rd1 Qc7 24. Be3 Bd6 25. Qd2 Rxg5 26. fxg5 f4 27. Kf1 fxe3 28.
Qxe3 Bf4 29. Qf2 Bxh2 30. Rd3 Bxd3+ 31. Nxd3 Rc2 32. Qe3 h4 33. g6 Qg3 34.
gxf7+ Kxf7 35. Ne5+ Ke8 36. f7+ Ke7 37. f8=Q+ Kxf8 38. Qh6+ Qg7 39. Ng6+ Kf7
40. Qxg7+ Kxg7 41. Nxh4 Bg3 42. Ng2 Rxb2 43. Rc1 Rf2+ 44. Kg1 Ra2 45. Kf1 Rxa3
46. Ke2 e5 47. dxe5 d4 48. Rc7+ Kg6 49. Rd7 Bxe5 50. Nh4+ Kf6 51. Nf3 Ke6 52.
Rd8 d3+ 53. Rxd3 Rxd3 54. Kxd3 Kd5 55. Kc2 a5 56. Kb3 Bd6 57. Nd2 a4+ 58. Kc3
b4+ 59. Kd3 Be5 60. Kc2 Bf4 61. Nb1 Kc4 62. Kb2 Be5+ 63. Ka2 Bc3 64. Na3+ bxa3
65. Kxa3 Kb5 66. Ka2 Kb4 0-1

[Event "Parsvnath Commonwealth ch 2010"]
[Site "Nueva Delhi IND"]
[Date "2010.05.10"]
[Round "2.17"]
[White "Lalith, Babu M.R"]
[Black "Thipsay, Bagyashree Sathe"]
[Result "1-0"]
[WhiteElo "2493"]
[BlackElo "2167"]
[PlyCount "77"]
[EventDate "2010.05.10"]
[EventType "swiss"]
[EventRounds "11"]
[EventCountry "IND"]
[Source "lmi"]
[SourceDate "2010.05.10"]

1. Nf3 d5 2. d4 Bf5 3. c4 e6 4. Nc3 c6 5. Bf4 Bd6 6. Bg3 Nf6 7. e3 O-O 8. Bd3
Bxd3 9. Qxd3 Na6 10. c5 Be7 11. O-O Nc7 12. b4 Nh5 13. b5 Nxg3 14. hxg3 f6 15.
Rab1 e5 16. dxe5 Bxc5 17. bxc6 bxc6 18. Na4 Be7 19. Rfc1 Qd7 20. Qc2 Rab8 21.
Rxb8 Rxb8 22. Nd4 Ba3 23. Qxc6 Qxc6 24. Rxc6 fxe5 25. Nf3 e4 26. Rxc7 exf3 27.
gxf3 Rb4 28. Rxa7 d4 29. exd4 Rxd4 30. Nc3 Bc5 31. Ra8+ Kf7 32. Ne4 Be7 33. Ra7
Ke6 34. a4 h5 35. Kg2 g5 36. Ra5 g4 37. Rxh5 gxf3+ 38. Kxf3 Rxa4 39. Nc5+ 1-0

[Event "Parsvnath Commonwealth ch 2010"]
[Site "Nueva Delhi IND"]
[Date "2010.05.10"]
[Round "2.18"]
[White "Tejas, Ravichandran"]
[Black "Harika, Dronavalli"]
[Result "0-1"]
[WhiteElo "2165"]
[BlackElo "2491"]
[PlyCount "96"]
[EventDate "2010.05.10"]
[EventType "swiss"]
[EventRounds "11"]
[EventCountry "IND"]
[Source "lmi"]
[SourceDate "2010.05.10"]

1. Nf3 c5 2. c4 Nc6 3. d4 cxd4 4. Nxd4 Qb6 5. Nb3 e6 6. g3 Nf6 7. Bg2 Ne5 8.
N1d2 d6 9. Qc2 Bd7 10. Nf3 Nxf3+ 11. Bxf3 Rc8 12. Be3 Qa6 13. Rc1 d5 14. c5 e5
15. O-O Be7 16. Rfd1 d4 17. Bg5 Be6 18. Bxf6 gxf6 19. c6 O-O 20. Nc5 Bxc5 21.
Qxc5 bxc6 22. Qe7 Kg7 23. a3 Rfe8 24. Qc5 Bd5 25. e4 Bb3 26. Rd2 Qb6 27. Be2
Rc7 28. h4 Qxc5 29. Rxc5 Kf8 30. Bd1 Rb8 31. Bxb3 Rxb3 32. f4 Rxg3+ 33. Kf2 Rb3
34. fxe5 fxe5 35. Rxe5 Re7 36. Rxe7 Kxe7 37. Rxd4 Rxb2+ 38. Ke1 Rh2 39. e5 c5
40. Ra4 Ke6 41. Rxa7 Rxh4 42. Rc7 Re4+ 43. Kf2 Rxe5 44. Rc6+ Kd5 45. Rh6 c4 46.
Rxh7 Re7 47. a4 c3 48. Rh5+ Kd4 0-1

[Event "Parsvnath Commonwealth ch 2010"]
[Site "Nueva Delhi IND"]
[Date "2010.05.10"]
[Round "2.19"]
[White "Bakre, Tejas"]
[Black "Debashish, Dutta"]
[Result "1-0"]
[WhiteElo "2483"]
[BlackElo "2160"]
[PlyCount "73"]
[EventDate "2010.05.10"]
[EventType "swiss"]
[EventRounds "11"]
[EventCountry "IND"]
[Source "lmi"]
[SourceDate "2010.05.10"]

1. e4 c5 2. Nf3 Nc6 3. d4 cxd4 4. Nxd4 g6 5. c4 Bg7 6. Be3 Nf6 7. Nc3 d6 8. Be2
O-O 9. O-O Bd7 10. Qd2 Qa5 11. Nb3 Qd8 12. Rad1 Be6 13. f4 Qd7 14. c5 Rfd8 15.
cxd6 exd6 16. f5 Bxb3 17. axb3 Re8 18. fxg6 hxg6 19. Bc4 Ne5 20. Bb5 Nc6 21.
Qxd6 Qxd6 22. Rxd6 Nxe4 23. Rd7 Nf6 24. Rxb7 Rxe3 25. Bxc6 Rd8 26. Bb5 Ng4 27.
h3 Bd4 28. Kh1 Nh6 29. Bc4 Rf8 30. Nd5 Re5 31. Ne7+ Rxe7 32. Rxe7 Nf5 33. Rd1
Nxe7 34. Rxd4 Nf5 35. Rd7 a6 36. Bxa6 Re8 37. Bc4 1-0

[Event "Parsvnath Commonwealth ch 2010"]
[Site "Nueva Delhi IND"]
[Date "2010.05.10"]
[Round "2.20"]
[White "Gusain, Himal"]
[Black "Laxman, R.R."]
[Result "0-1"]
[WhiteElo "2159"]
[BlackElo "2476"]
[PlyCount "142"]
[EventDate "2010.05.10"]
[EventType "swiss"]
[EventRounds "11"]
[EventCountry "IND"]
[Source "lmi"]
[SourceDate "2010.05.10"]

1. e4 e5 2. Nf3 Nc6 3. Bb5 a6 4. Ba4 Nf6 5. O-O Be7 6. Re1 b5 7. Bb3 O-O 8. c3
d6 9. h3 Na5 10. Bc2 c5 11. d4 Qc7 12. d5 Bd7 13. Nbd2 c4 14. Nf1 Nb7 15. Bg5
Rfe8 16. g4 h6 17. Bd2 Nh7 18. Ng3 Ng5 19. Kh2 Nxf3+ 20. Qxf3 Qd8 21. Nf5 Bg5
22. Rad1 Bxd2 23. Rxd2 Kh7 24. Rg1 g6 25. Ne3 Kg7 26. Rdd1 Qf6 27. Qg3 Nc5 28.
Ng2 Qg5 29. f3 a5 30. h4 Qe7 31. Ne3 Qf6 32. Ng2 g5 33. Rdf1 Rh8 34. Ne3 Qf4
35. Qxf4 exf4 36. Nf5+ Bxf5 37. gxf5 Nd7 38. Kg2 Ne5 39. Kf2 f6 40. a3 Rhb8 41.
Rb1 b4 42. Ke2 Rb6 43. Rgf1 h5 44. Kd2 bxa3 45. bxa3 Rab8 46. Rxb6 Rxb6 47. Kc1
Kh6 48. hxg5+ fxg5 49. Kd2 Rb2 50. Kc1 Rb8 51. Bd1 Nd3+ 52. Kd2 Kg7 53. Rh1
Rb2+ 54. Bc2 h4 55. Rg1 Kf6 56. Rh1 Kf7 57. Rf1 Ne5 58. Kc1 Rb8 59. Bd1 Kf6 60.
Rh1 Nd3+ 61. Kd2 Nf2 62. Rh2 Nxd1 63. Kxd1 Rb1+ 64. Kc2 Rf1 65. Rh3 Rf2+ 66.
Kd1 Ra2 67. Kc1 a4 68. Kb1 Rxa3 69. Rh1 Rxc3 70. Ka2 Rxf3 71. Rc1 c3 0-1

[Event "Parsvnath Commonwealth ch 2010"]
[Site "Nueva Delhi IND"]
[Date "2010.05.10"]
[Round "2.24"]
[White "Shashaank, D.S."]
[Black "Pogorelov, Ruslan"]
[Result "1-0"]
[WhiteElo "2144"]
[BlackElo "2454"]
[PlyCount "135"]
[EventDate "2010.05.10"]
[EventType "swiss"]
[EventRounds "11"]
[EventCountry "IND"]
[Source "lmi"]
[SourceDate "2010.05.10"]

1. d4 Nf6 2. Nc3 d5 3. Bg5 Nbd7 4. Nf3 c6 5. e3 h6 6. Bf4 g5 7. Bg3 Nh5 8. Be5
Nxe5 9. Nxe5 Nf6 10. Bd3 Be6 11. Na4 Nd7 12. Nxd7 Bxd7 13. Nc5 Bc8 14. c4 e5
15. cxd5 Bxc5 16. dxc5 Qxd5 17. Qc2 Qxg2 18. O-O-O Qh3 19. Rhg1 Be6 20. Rg3 Qh4
21. Bf5 Bxf5 22. Qxf5 Qc4+ 23. Kb1 Qe6 24. Qxe6+ fxe6 25. h4 gxh4 26. Rg7 Rd8
27. Rxd8+ Kxd8 28. Rxb7 Rf8 29. Rb4 Rxf2 30. Rxh4 Rf3 31. Rxh6 Ke7 32. Rh7+ Kf6
33. Rxa7 Rxe3 34. Rc7 e4 35. Rxc6 Ke5 36. Rd6 Re1+ 37. Kc2 Rh1 38. Rd1 Rh2+ 39.
Kc3 e3 40. c6 e2 41. Rc1 Kd6 42. Kd2 Kc7 43. b4 e1=Q+ 44. Kxe1 Rxa2 45. b5 Rb2
46. Rc5 Kc8 47. Kd1 Kc7 48. Kc1 Rb3 49. Kc2 Rb4 50. Kc3 Rb1 51. Kd4 Rd1+ 52.
Ke5 Re1+ 53. Kf6 Rf1+ 54. Ke7 Rb1 55. Rh5 e5 56. Rxe5 Rh1 57. Kf7 Kb6 58. Ke8
Rh8+ 59. Kd7 Rh1 60. Re6 Rh7+ 61. Re7 Rh5 62. c7 Rd5+ 63. Kc8 Rxb5 64. Kd8 Rd5+
65. Rd7 Rg5 66. Rd6+ Kc5 67. Re6 Rd5+ 68. Ke7 1-0

[Event "Parsvnath Commonwealth ch 2010"]
[Site "Nueva Delhi IND"]
[Date "2010.05.10"]
[Round "2.27"]
[White "G., Akash"]
[Black "Murshed, Niaz"]
[Result "1/2-1/2"]
[WhiteElo "2137"]
[BlackElo "2426"]
[PlyCount "59"]
[EventDate "2010.05.10"]
[EventType "swiss"]
[EventRounds "11"]
[EventCountry "IND"]
[Source "lmi"]
[SourceDate "2010.05.10"]

1. e4 e6 2. d4 d5 3. Nc3 Nf6 4. Bg5 Bb4 5. e5 h6 6. Bd2 Bxc3 7. bxc3 Ne4 8. Qg4
g6 9. Bd3 Nxd2 10. Kxd2 c5 11. Nf3 Nc6 12. Rhb1 c4 13. Be2 O-O 14. h4 Kg7 15.
Rf1 f6 16. Qg3 Bd7 17. Rae1 b5 18. exf6+ Rxf6 19. Ne5 Nxe5 20. Qxe5 Qe7 21. f4
b4 22. g4 bxc3+ 23. Ke3 Kh7 24. h5 gxh5 25. Qxh5 Raf8 26. Qe5 Ba4 27. Bd1 Qa3
28. Be2 Qe7 29. Bd1 Qa3 30. Be2 1/2-1/2